000 00788nam a2200181Ia 4500
008 151018s9999 xx 000 0 und d
082 _bRBASDV12476
_a891.463
100 _aचंद्रकांत काकोडकर
245 _aजादूगारा सांग तुला मी कशी भाळले
250 _b1
260 _bऋतुराज प्रकाशन मुंबई
_c1979
300 _a208
600 _aचंद्रकांत काकोडकर
630 _aजादूगारा सांग तुला मी कशी भाळले
700 _aचंद्रकांत काकोडकर
730 _aजादूगारा सांग तुला मी कशी भाळले
942 _cBOOK
999 _c1014723
_d1014720